000 00373cam a22001097a 4500
008 180718b1958 xxu||||| |||| 00| 0 eng d
082 _aT52x54 R299
100 _aIndia. Ministry of Information and Broadcasting
245 _aIndian information
_cby Ministry of Information and Broadcasting
260 _aDelhi
_bMinistry of Information and Broadcasting
_c1958
300 _a46+p.
999 _c498255
_d498255